01011nam a2200313 a 45000010008000000030009000080050017000170070008000340080038000420200018000800400022000980820019001201000019001392450096001582600036002543000021002904900018003115000021003295040030003506500030003806500034004106500022004448300018004669420012004849450027004969520126005239560031006499990017006800000580DO-SdBNP20171204101542.00000580140711s 2007 xxk 000 0 spa d a9781861978943 aBPMSUbspacBPMSU 4a658.401bS995s1 aSyrett, Michel10aSuccessful strategy execution bhow to keep your business goals on target /cMichel Syrett  aLondon :bThe economist,c2007. a164 p. ;c23 cm.1 aThe economist aIncluye índice aBibliografía p: 154-156 4aPLANIFICACION EMPRESARIAL 4aADMINISTRACIÓN DE PROYECTOS 4aLITERATURA GRIEGA aThe economist 2ddccBK aInventariado, 2017/MFF 00102ddc40708CGaBPMETbBPMETd2016-08-01eDonaciónl0o658.401 S995spBPMSU16080006r2016-08-01w2016-08-01yBK aYLOCKWARDb10lBND01h1027 c11063d11063